000 00303nam a22001337a 4500
008 180214b xxu||||| |||| 00| 0 eng d
020 _a9780195088298
041 _aeng
080 _a94
100 _a16
101 _ahis
245 _abiographical supplemnt and index
_charriet.s
942 _2udc
_cBK
999 _c42483
_d42483